Esquilo : el creador de la tragedia /

Guardado en:
Autor Principal: Murray, Gilbert
Formato: Libro
Publicado: Buenos Aires : Espasa Calpe, 1954
Series:Colección Austral; No. 1185
Materias:
Etiquetas: Agregar Etiqueta
Sin Etiquetas, Sea el primero en etiquetar este registro!
LEADER 00593nam a22002055a 4500
001 CEM.cems004566
005 20060217000000.0
008 130507s1954##################000#0#####d
003 CEMS
082 0 4 |a 881.01 
100 1 |a Murray, Gilbert 
245 1 0 |a Esquilo :  |b el creador de la tragedia / 
260 |a Buenos Aires :  |b Espasa Calpe,  |c 1954 
300 |a 208 p. 
490 0 |a Colección Austral; No. 1185 
653 |a Literatura 
653 |a Literatura griega 
653 |a Literatura griega-historia 
653 |a Tragedia-origen 
859 |a CEMS  |b BIB. CEMS - 11 de abril  |h 881.01  |i M963  |p 5918.77  |t Ej.1